| 000 | 00383nam a22001217a 4500 | ||
|---|---|---|---|
| 082 | _a200 THE | ||
| 100 |
_aNida Ishtiaq, _931472 |
||
| 245 | _aTH-SOF-1227-Maximum Likelihood Estimation of SNR for QAM Signals Over Various Channels | ||
| 260 |
_aIslamabad _bNUST College of EME _c2016 |
||
| 650 | _a MS-ELECT-75 MSTHESIS | ||
| 700 | _aSupervisor Dr Shahzad Amin Sheikh | ||
| 942 | _cCF | ||
| 999 |
_c577117 _d577117 |
||